Non-linear partial differential operators and quantization procedures : proceedings of a workshop held at Clausthal, Federal Republic of Germany, 1981
Αποθηκεύτηκε σε:
| Άλλοι συγγραφείς: | , |
|---|---|
| Μορφή: | Βιβλίο |
| Γλώσσα: | English |
| Δημοσίευση: |
Berlin :
Springer-Verlag,
1983.
|
| Σειρά: | Lecture notes in mathematics (Springer-Verlag)
; 1037 |
| Θέματα: | |
| Ετικέτες: |
Προσθήκη ετικέτας
Δεν υπάρχουν, Καταχωρήστε ετικέτα πρώτοι!
|
MARC
| LEADER | 00000cam a2200000 i 4500 | ||
|---|---|---|---|
| 001 | 1/60923 | ||
| 008 | 941103s1983 gw | ||| |||| ||eng|| | ||
| 020 | |a 3540127100 | ||
| 035 | |a 1993 |l 10046346 | ||
| 040 | |a GR-MyUa |b gre |e AACR2 | ||
| 041 | 0 | |a eng | |
| 082 | 7 | |a 515.7242 | |
| 245 | 1 | 0 | |a Non-linear partial differential operators and quantization procedures : |b proceedings of a workshop held at Clausthal, Federal Republic of Germany, 1981 / |c edited by S.I. Andersson and H.-D. Doebner. |
| 260 | |a Berlin : |b Springer-Verlag, |c 1983. | ||
| 300 | |a v, 334 σ. ; |c 25 εκ. | ||
| 490 | 1 | |a (Lecture notes in mathematics (Springer-Verlag) |v ; 1037) | |
| 500 | |a Περιλαμβάνει βιβλιογραφικές αναφορές. | ||
| 650 | 0 | 0 | |a Geometry, Differential |x Congresses. |
| 650 | 0 | 0 | |a Partial differential operators |x Congresses. |
| 650 | 0 | 0 | |a Nonlinear operators |x Congresses. |
| 650 | 0 | 0 | |a Quantum field theory |x Congresses. |
| 700 | 1 | |a Andersson, S. I. |q (Stig Ingvar), |d 1945- |e edt | |
| 700 | 1 | |a Doebner, H. D. |q (Heinz Dietrich), |d 1931- |e edt | |
| 830 | 0 | |a Lecture notes in mathematics (Springer-Verlag) |v ; 1037 | |
| 852 | |a INST |b SAMOS |e 19941103 |h 515.7242 NON |p 005300007759 |q 005300007759 |t BK |y 0 | ||
| 909 | |a Σ |b 028896 | ||